Statystyki dla 5 największych województw w Polsce

Kliknij tutaj aby rozwiązać quiz!

Ogólne statystyki

  • Ten quiz został rozwiązany 441 razy
  • Średni wynik to 4 z 5

Statystyki odpowiedzi

Liczba ludnościWojewództwa% Poprawnych
5 400 000Województwo mazowieckie
97%
4 530 000Województwo śląskie
90%
3 495 000Województwo wielkopolskie
90%
3 400 000Województwo małopolskie
81%
2 900 000Województwo dolonośląskie
77%

Rozkład punktacji

Percentyl według liczby udzielonych odpowiedzi

Procent ludzi z każdym wynikiem

Twoja historia wyników

Nie rozwiązałeś tego quizu